00728nam a2200181 a 450000100100000000500170001000800410002702000150006804000250008324500620010824601020017026000650027230000220033753400360035970000280039595201060042399900170052900003868920201002031333.0130418s1987 ck 000 0 spa d a0816399123 aDO-SdBNPbspacBNPHU00aDe aquí a la eternidad /ctraducción Fernando Chauij.14aDe aquí a la eternidad :btras una crisis milenaria le aguarda a esta tierrra un gloriso futuro aColombia :bAsociación puublicadora Interamericana,c1987. a449 p. ;c250 cm. aFrom here to foreverlespañol1 aChauij, Fernando965005 0010507-18MOaGRbGRcOId2013-04-18iLF1l0o p38689-10r2020-06-25w2020-06-25y1ZNo se presta c38179d38179